Normal view MARC view
  • Electric network analysis.

Entry Topical Term

Number of records used in: 14

001 - CONTROL NUMBER

  • control field: 10704

003 - CONTROL NUMBER IDENTIFIER

  • control field: NUST

005 - DATE AND TIME OF LATEST TRANSACTION

  • control field: 20180601060609.0

008 - FIXED-LENGTH DATA ELEMENTS

  • fixed length control field: 180601|| aca||aabn | a|a d

040 ## - CATALOGING SOURCE

  • Original cataloging agency: NUST
  • Transcribing agency: NUST

150 ## - HEADING--TOPICAL TERM

  • Topical term or geographic name entry element: Electric network analysis.

670 ## - SOURCE DATA FOUND

  • Source citation: Work cat.: (NUST)0: William H. Hayt, Jr., Jack E. Kemmerly, Steven M. Durbin. (William Hart), Jr., 1920-1999. 10703, Engineering Circuit Analysis , 2006.
© 2023 Central Library, National University of Sciences and Technology. All Rights Reserved.